Die Ästhetik Europas: Ideen und Illusionen
How has Europe been perceived throughout its varied history? This volume shows that Europe was not, and is not, just a political project, but rather since the antique, has always also been an aesthetic project. Perspectives from art history, musicology, the history of medicine, theology, pedagogy, s...
MARC
| LEADER | 00000cam a2200000 c 4500 | ||
|---|---|---|---|
| 001 | 866219552 | ||
| 003 | DE-627 | ||
| 005 | 20260404194358.0 | ||
| 007 | cr uuu---uuuuu | ||
| 008 | 161027s2016 gw |||||o 00| ||ger c | ||
| 020 | |a 9783839433157 |9 978-3-8394-3315-7 | ||
| 024 | 7 | |a 10.14361/9783839433157 |2 doi | |
| 035 | |a (DE-627)866219552 | ||
| 035 | |a (DE-576)478836511 | ||
| 035 | |a (DE-599)GBV866219552 | ||
| 035 | |a (OCoLC)1039155051 | ||
| 035 | |a (DE-627-1)00629037X | ||
| 035 | |a (DE-B1597)466396 | ||
| 035 | |a (DE-B1597)BR1203467 | ||
| 040 | |a DE-627 |b ger |c DE-627 |e rda | ||
| 041 | |a ger | ||
| 044 | |c XA-DE | ||
| 050 | 0 | |a BH39 | |
| 050 | 0 | |a BH221.E853 | |
| 072 | 7 | |a PHI000000 |2 bisacsh | |
| 072 | 7 | |a SOC022000 |2 bisacsh | |
| 072 | 7 | |a PHI001000 |2 bisacsh | |
| 072 | 7 | |a EDU040000 |2 bisacsh | |
| 072 | 7 | |a EDU040000 |2 bisacsh | |
| 072 | 7 | |a ART 015000 |2 bisacsh | |
| 072 | 7 | |a ART 000000 |2 bisacsh | |
| 072 | 7 | |a PHI 001000 |2 bisacsh | |
| 072 | 7 | |a EDU 000000 |2 bisacsh | |
| 082 | 0 | |a 100 | |
| 082 | 0 | |a 700 |q BSZ | |
| 082 | 0 | |a 700.71094 |q DE-101 |2 22/ger | |
| 084 | |a 1 |2 ssgn | ||
| 084 | |a CC 6900 |2 rvk |0 (DE-625)rvk/17665: | ||
| 084 | |a NK 4950 |2 rvk |0 (DE-625)rvk/126082: | ||
| 084 | |a 08.41 |2 bkl | ||
| 084 | |a 15.30 |2 bkl | ||
| 084 | |a 71.50 |2 bkl | ||
| 245 | 0 | 4 | |a Die Ästhetik Europas |b Ideen und Illusionen |c Peter Bubmann, Eckart Liebau (Hg.) |
| 264 | 1 | |a Bielefeld |b transcript-Verlag |c [2016] | |
| 264 | 4 | |c © 2016 | |
| 300 | |a 1 Online-Ressource (204 Seiten) | ||
| 336 | |a Text |b txt |2 rdacontent | ||
| 337 | |a Computermedien |b c |2 rdamedia | ||
| 338 | |a Online-Ressource |b cr |2 rdacarrier | ||
| 490 | 1 | |a Ästhetik und Bildung |v Band 10 | |
| 490 | 0 | |a De Gruyter eBook-Paket Philosophie | |
| 505 | 8 | |a Frontmatter -- -- Inhalt -- -- Einleitung -- -- Zur Ästhetik Europas -- -- Die Bildungsreise als ästhetischer Modus der reflexiven Erfahrung europäischer Differenzhaftigkeit -- -- Seid umschlungen, Millionen! -- -- Europäische Bildung durch Musik -- -- Wie Bach zum Europäer wurde -- -- Theater als europäische Anstalt? -- -- Theater als europäische Anstalt? -- -- Islamisch-jüdisch-christlich-abendländische Bildstörungen -- -- Die Erfindung Europas in amerikanischen Museen -- -- Amerikanisierung und Europa nach 1945: -- -- Abbildungsverzeichnis -- -- Verzeichnis der Autoren -- -- Backmatter | |
| 506 | 1 | |a Restricted Access |e Controlled Vocabulary for Access Rights |u http://purl.org/coar/access_right/c_16ec |f online access with authorization |2 star | |
| 520 | |a How has Europe been perceived throughout its varied history? This volume shows that Europe was not, and is not, just a political project, but rather since the antique, has always also been an aesthetic project. Perspectives from art history, musicology, the history of medicine, theology, pedagogy, sociology and theater studies complement one another to create a multifaceted image of the continent, in which the aim was and still is to use the arts and aesthetic education to confront the real fragmentation in various eras. In times of a growing critique of Europe, this book is of great importance for the current moment. | ||
| 520 | |a Wie wurde Europa in seiner wechselvollen Geschichte wahrgenommen? Dieser Band zeigt: Europa war und ist nicht nur ein politisches, sondern seit der Antike immer auch ein ästhetisches Projekt. Kunsthistorische, musikwissenschaftliche, theologische, pädagog | ||
| 538 | |a Mode of access: Internet via World Wide Web. | ||
| 546 | |a In German | ||
| 583 | 1 | |a Archivierung/Langzeitarchivierung gewährleistet |f SSG |x XA-DE-BW |2 pdager |5 DE-21 | |
| 601 | |a Illusion | ||
| 650 | 0 | |a Aesthetics | |
| 650 | 0 | |a Aesthetics, European | |
| 650 | 0 | |a Arts, European | |
| 650 | 4 | |a Ästhetische Erziehung | |
| 650 | 4 | |a EDUCATION / Philosophy, Theory & Social Aspects | |
| 650 | 4 | |a Kulturgeschichte | |
| 650 | 4 | |a Pädagogik | |
| 650 | 4 | |a Kultursoziologie | |
| 650 | 4 | |a EDUCATION / General | |
| 650 | 4 | |a ART / History / General | |
| 650 | 4 | |a ART / General | |
| 650 | 4 | |a PHILOSOPHY / Aesthetics | |
| 650 | 4 | |a Europe | |
| 650 | 4 | |a Europa | |
| 650 | 4 | |a Ästhetik | |
| 650 | 4 | |a Kunst | |
| 650 | 4 | |a Art | |
| 650 | 4 | |a Ästhetische Bildung | |
| 650 | 4 | |a Aesthetic Education | |
| 650 | 4 | |a Bildung | |
| 650 | 4 | |a Education | |
| 650 | 4 | |a Bildungstheorie | |
| 650 | 4 | |a Theory of Education | |
| 653 | |a Cultural History | ||
| 653 | |a Pedagogy | ||
| 653 | |a Sociology of Culture | ||
| 655 | 7 | |a Aufsatzsammlung |0 (DE-588)4143413-4 |0 (DE-627)105605727 |0 (DE-576)209726091 |2 gnd-content | |
| 689 | 0 | 0 | |d g |0 (DE-588)4015701-5 |0 (DE-627)104289007 |0 (DE-576)208913092 |2 gnd |a Europa |
| 689 | 0 | 1 | |d s |0 (DE-588)4000628-1 |0 (DE-627)106400533 |0 (DE-576)20883883X |2 gnd |a Ästhetische Erziehung |
| 689 | 0 | |5 DE-101 | |
| 689 | 1 | 0 | |d s |0 (DE-588)4069468-9 |0 (DE-627)106103407 |0 (DE-576)209176873 |2 gnd |a Bildungstheorie |
| 689 | 1 | 1 | |d s |0 (DE-588)4133431-0 |0 (DE-627)10568015X |0 (DE-576)209643870 |2 gnd |a Kultursoziologie |
| 689 | 1 | |5 DE-101 | |
| 700 | 1 | |e HerausgeberIn |0 (DE-588)115735925 |0 (DE-627)077437942 |0 (DE-576)165504722 |4 edt |a Bubmann, Peter |d 1962- | |
| 700 | 1 | |e HerausgeberIn |0 (DE-588)115726225 |0 (DE-627)077430956 |0 (DE-576)161987001 |4 edt |a Liebau, Eckart |d 1949- | |
| 776 | 1 | |z 9783837633153 | |
| 776 | 0 | 8 | |i Erscheint auch als |n Druck-Ausgabe |t Die Ästhetik Europas |d Bielefeld : transcript, 2016 |h 204 Seiten |w (DE-627)842289909 |w (DE-576)453953565 |z 9783837633153 |z 3837633152 |k Non-Electronic |
| 830 | 0 | |a Ästhetik und Bildung |v Band 10 |9 10 |w (DE-627)849693373 |w (DE-576)459228897 |w (DE-600)2849039-3 |x 2702-8208 |7 am | |
| 856 | 4 | 0 | |u https://www.degruyterbrill.com/isbn/9783839433157 |m X:GRUY |x Verlag |z lizenzpflichtig |7 1 |
| 856 | 4 | 2 | |u http://www.degruyterbrill.com/doc/cover/9783839433157.jpg |x Verlag |3 Cover |7 1 |
| 856 | 4 | 2 | |u https://www.degruyterbrill.com/cover/covers/9783839433157.jpg |m X:GRUY |x Verlag |3 Cover |7 1 |
| 856 | 4 | 2 | |u https://www.degruyterbrill.com/document/cover/isbn/9783839433157/original |m X:GRUY |x Verlag |3 Cover |7 1 |
| 856 | |u https://doi.org/10.14361/9783839433157 |x doi |3 Volltext | ||
| 912 | |a EBA-BACKALL | ||
| 912 | |a EBA-CL-SN | ||
| 912 | |a EBA-EBKALL | ||
| 912 | |a EBA-PPALL | ||
| 912 | |a EBA-SSHALL | ||
| 912 | |a GBV-23-DGG-HSU | ||
| 912 | |a GBV-deGruyter-alles | ||
| 912 | |a ZDB-23-DGG |b 2016 | ||
| 912 | |a ZDB-23-DPH |b 2016 | ||
| 912 | |a ZDB-23-TGP |b 2014-2015 | ||
| 912 | |a ZDB-23-TGP |b 2014-2016 | ||
| 912 | |a ZDB-23-17 |b 2016 | ||
| 912 | |a ZDB-23-TGP |b 2016 | ||
| 935 | |i Blocktest | ||
| 936 | r | v | |a CC 6900 |b Abhandlungen zur Ästhetik und Kunstphilosophie |k Philosophie |k Systematische Philosophie |k Ästhetik und Kunstphilosophie |k Abhandlungen zur Ästhetik und Kunstphilosophie |0 (DE-627)1270699040 |0 (DE-625)rvk/17665: |0 (DE-576)200699040 |
| 936 | r | v | |a NK 4950 |b Allgemeines |k Geschichte |k Weltgeschichte, Darstellungen Allgemeine Geschichte einzelner Staaten und Völker Teilgebiete der Geschichte, Sammelwerke |k Teilgebiete der Geschichte |k Allgemeine Geistes- und Kulturgeschichte |k Allgemeine Kulturgeschichte |k Abendländisch-europäische Kulturgeschichte |k Allgemeines |0 (DE-627)127115353X |0 (DE-625)rvk/126082: |0 (DE-576)20115353X |
| 936 | b | k | |a 08.41 |j Ästhetik |x Philosophie |0 (DE-627)106403044 |
| 936 | b | k | |a 15.30 |j Europäische Geschichte in Mittelalter und Neuzeit: Allgemeines |0 (DE-627)181571544 |
| 936 | b | k | |a 71.50 |j Kultursoziologie: Allgemeines |0 (DE-627)106412612 |
| 951 | |a BO | ||
| ACO | |a 1 | ||
| ELC | |a 1 | ||
| ORI | |a TA-MARC-ixtheo_oa001.raw | ||
| REL | |a 1 | ||
| STA | 0 | 0 | |a Aesthetic education,Aesthetics,Art,Aesthetics,Art,Art,Visual art,Cultural history,Cultural history,Culture sociology,Cultural sociology,Sociology of culture,Education (motif),Education,Learning,Culture,Education in literature,Educational theory,Educational ideology,Europe,Europe,Europe,The West,Occident,Northeastern Europe,Pedagogics,Pedagogics,Pedagogy,Education science,Paedagogy,Paedagogics,Education,Species |
| STB | 0 | 0 | |a Art,Art,Espèce,Esthétique,Esthétique,Europe,Histoire culturelle,Histoire culturelle,Pédagogie,Pédagogie,Sociologie de la culture,Théorie de l’éducation,Éducation (motif),Éducation,Culture,Culture,Éducation esthétique |
| STC | 0 | 0 | |a Arte,Arte,Educación,Educación estética,Especie,Estética,Estética,Europa,Historia cultural,Historia cultural,Pedagogía,Pedagogía,Sociología cultural,Teoría educacional |
| STD | 0 | 0 | |a Arte,Arte,Educazione estetica,Educazione al bello,Educazione al bello,Estetica,Europa,Istruzione,Pedagogia,Pedagogia,Sociologia della cultura,Specie,Storia culturale,Storia culturale,Storia della cultura,Storia della cultura,Teoria dell'istruzione |
| STE | 0 | 0 | |a 教育,修养,教育学,教育理论,教育哲学,文化社会学,种,物种,美学,美学教育,艺术 |
| STF | 0 | 0 | |a 教育,修養,教育學,教育理論,教育哲學,文化史,文化社會學,種,物種,美學,美學教育,藝術 |
| STG | 0 | 0 | |a Arte,Arte,Educação,Educação estética,Espécie,Estética,Europa,História cultural,História cultural,Pedagogia,Pedagogia,Sociologia cultural,Teoria educacional |
| STH | 0 | 0 | |a Вид,Европа (мотив),Искусство (мотив),Искусство,История культуры (дисциплина),История культуры,Образование,Педагогика (мотив),Педагогика,Социология культуры,Теория образования,Эстетика,Эстетическое воспитание |
| STI | 0 | 0 | |a Eκπαιδευτική θεωρία,Αισθητική,Αισθητική εκπαίδευση,Είδος,Εκπαίδευση,Παιδεία,Ευρώπη (μοτίβο),Παιδαγωγική (μοτίβο),Παιδαγωγική,Πολιτισμική κοινωνιολογία,Πολιτιστική κοινωνιολογία,Πολιτιστική ιστορία (μάθημα),Πολιτιστική ιστορία,Πολιτισμική ιστορία,Τέχνη (μοτίβο),Τέχνη |
| SUB | |a REL | ||
| SYE | 0 | 0 | |a Ästhetische Bildung , Cultural history,History of mentalities,Kunstgeschichte,Mentalitätengeschichte , Erziehungswissenschaft,Erziehungswissenschaften,Erziehungswissenschaft,Pädagogischer Prozess,Erziehungswissenschaften , Gesellschaft,Kultur , Liberté,Europa III,Europe,Europäische Länder,Europäische Staaten , Abendland,Okzident , Künste,Künste,Kunstästhetik,Kunstphilosophie,Kunsttheorie,Philosophische Ästhetik,Kunstanschauung,Kunstauffassung , Bildende Kunst,Kunstdenkmal , Spezies,Arten , Education , Bildung,Bildungsideologie,Erziehungstheorie |
| SYG | 0 | 0 | |a Liberté,Europa III,Europe,Europäische Länder,Europäische Staaten , Abendland,Okzident , Ästhetische Bildung , Bildung,Bildungsideologie,Erziehungstheorie , Gesellschaft,Kultur |